[Event "Foxwoods op 06th"]
[Site "Connecticut"]
[Date "2004.04.11"]
[Round "8"]
[White "Friedel, Joshua E"]
[Black "Stolerman, Jack"]
[Result "1-0"]
[WhiteElo "2398"]
[BlackElo "2258"]
[PlyCount "79"]
[EventDate "2004.04.07"]
[EventType "swiss"]
[EventRounds "9"]
[EventCountry "USA"]
[SourceTitle "CBM 099 Extra"]
[Source "ChessBase"]
[SourceDate "2004.05.04"]
[SourceVersion "1"]
[SourceVersionDate "2004.05.04"]
[SourceQuality "1"]

1. e4 c5 2. Nf3 Nc6 3. Nc3 e5 4. Bc4 d6 5. d3 Be7 6. 0-0 Bg4 7. h3 Bh5 8. Nd5 Nf6 9. Ne3 Bg6 10. Nh4 0-0 11. Nhf5 Na5 12. Qf3 Nxc4 13. dxc4 Re8 14. g4 Qd7 15. g5 Nh5 16. Nd5 Bf8 17. h4 Nf4 18. Bxf4 exf4 19. Qxf4 Bxf5 20. exf5 Re5 21. Rfe1 Qxf5 22. Qxf5 Rxf5 23. f4 f6 24. gxf6 Rh5 25. Re6 Rxh4 26. Rae1 gxf6 27. Nxf6+ Kf7 28. Nd5 Rb8 29. b3 a6 30. a4 b5 31. axb5 axb5 32. cxb5 Rh5 33. c4 Rxd5 34. cxd5 Rxb5 35. Ra1 Rxb3 36. Ra7+ Kg8 37. Kg2 Rb8 38. f5 Rc8 39. f6 c4 40. Re8 1-0

[Event "Vermont CCA op"]
[Site "Stratton Mountain"]
[Date "2003.06.05"]
[Round "4"]
[White "Stolerman, Jack"]
[Black "Paschall, William M"]
[Result "1/2-1/2"]
[WhiteElo "2197"]
[BlackElo "2429"]
[PlyCount "130"]
[EventDate "2003.06.03"]
[EventType "swiss"]
[EventRounds "10"]
[EventCountry "USA"]
[SourceTitle "CBM 094 Extra"]
[Source "ChessBase"]
[SourceDate "2003.07.09"]
[SourceVersion "2"]
[SourceVersionDate "2003.07.09"]
[SourceQuality "1"]

1. e4 d5 2. exd5 Nf6 3. c4 c6 4. d4 cxd5 5. Nc3 e6 6. Nf3 Bb4 7. cxd5 Nxd5 8. Bd2 Nc6 9. Bd3 Be7 10. a3 Bf6 11. Be3 Nce7 12. Ne4 Nf5 13. Nxf6+ Nxf6 14. 0-0 Nd5 15. Qe2 0-0 16. Rac1 Bd7 17. Ne5 f6 18. Nxd7 Qxd7 19. Rc5 Rad8 20. Rfc1 g6 21. g3 Ndxe3 22. fxe3 Nxd4 23. exd4 Qxd4+ 24. Kh1 Qxd3 25. Qxe6+ Kh8 26. R5c3 Qd7 27. Qxd7 Rxd7 28. R1c2 Kg7 29. Re2 Kf7 30. Rf3 Re8 31. Ref2 Re6 32. Rf1 h5 33. Rb3 Red6 34. h4 Rd3 35. Rf3 Rxb3 36. Rxb3 g5 37. hxg5 fxg5 38. Kg1 Kg6 39. Kg2 Rd2+ 40. Kf3 b6 41. Ke3 Rh2 42. Rb4 Rh3 43. Kf2 Rh2+ 44. Kg1 Rc2 45. Rb5 Rc5 46. Rb4 Kf5 47. Kf2 Rc2+ 48. Kf1 Rh2 49. b3 h4 50. gxh4 Rxh4 51. Rb5+ Kg6 52. Kg2 Rf4 53. Rd5 Rf5 54. Rd7 Rf7 55. Rd5 Rc7 56. Rb5 Kh5 57. a4 Kh4 58. a5 Rc2+ 59. Kf1 Rc6 60. Kg2 g4 61. axb6 Rxb6 62. Ra5 Rxb3 63. Rxa7 Rb2+ 64. Kg1 Kh3 65. Ra1 Rg2+ 1/2-1/2

[Event "Massachusets op 71st"]
[Site "Marlboro"]
[Date "2002.05.25"]
[Round "2"]
[White "Ivanov, Alexander"]
[Black "Stolerman, Jack"]
[Result "1-0"]
[WhiteElo "2666"]
[BlackElo "2143"]
[PlyCount "133"]
[EventDate "2002.05.??"]
[EventType "swiss"]
[EventRounds "6"]
[EventCountry "USA"]
[SourceTitle "EXT 2005"]
[Source "ChessBase"]
[SourceDate "2004.11.15"]
[SourceVersion "1"]
[SourceVersionDate "2004.11.15"]
[SourceQuality "1"]

1. e4 c5 2. Nf3 d6 3. d4 cxd4 4. Nxd4 Nf6 5. Nc3 a6 6. g3 e5 7. Nde2 Nbd7 8. a4 b6 9. Nd5 Nxd5 10. Qxd5 Rb8 11. Nc3 Bb7 12. Qd1 h6 13. Bc4 Nf6 14. Qd3 Ra8 15. f3 Be7 16. Be3 Qc7 17. 0-0 0-0 18. Rad1 Rfc8 19. b3 Rd8 20. Qe2 Rdb8 21. Rd2 Bc8 22. Nd5 Nxd5 23. Bxd5 Bb7 24. c4 Bxd5 25. Rxd5 Rc8 26. Rfd1 Qb7 27. Qg2 Rc6 28. f4 f6 29. f5 Kf7 30. Qe2 Qc8 31. Qg4 Kf8 32. Qg6 Qe8 33. Kf2 Qxg6 34. fxg6 Ke8 35. Ke2 Kd7 36. Kd3 a5 37. Rb5 Bd8 38. g4 Bc7 39. Rf1 Ke6 40. h4 Rf8 41. Kc3 Bd8 42. Rf5 Kd7 43. Rd5 Rh8 44. Rh5 Rf8 45. Rd2 Rc8 46. Rf2 Kc6 47. g5 hxg5 48. hxg5 Re8 49. Rh7 Rg8 50. gxf6 Bxf6 51. Kd3 Rcf8 52. Ke2 Kc7 53. Rf5 Kc6 54. Kf3 Rh8 55. Kg4 Rxh7 56. gxh7 Rh8 57. Rh5 g6 58. Rh6 Bg7 59. Rh3 Bf6 60. Rf3 Bg7 61. Kg5 Rxh7 62. Kxg6 Rh4 63. Kxg7 Rxe4 64. Kf6 Rh4 65. Ke6 Rh8 66. Bg5 Kc5 67. Rd3 1-0

[Event "New England op 61st"]
[Site "Springfield"]
[Date "2001.09.01"]
[Round "1"]
[White "Webb, Roger1111"]
[Black "Stolerman, Jack"]
[Result "1-0"]
[WhiteElo "2358"]
[BlackElo "2081"]
[PlyCount "113"]
[EventDate "2001.09.??"]
[EventType "swiss"]
[EventRounds "6"]
[EventCountry "USA"]
[SourceTitle "EXT 2005"]
[Source "ChessBase"]
[SourceDate "2004.11.15"]
[SourceVersion "1"]
[SourceVersionDate "2004.11.15"]
[SourceQuality "1"]

1. Nf3 c5 2. g3 b6 3. Bg2 Bb7 4. 0-0 Nf6 5. c4 e6 6. d4 cxd4 7. Nxd4 Bxg2 8. Kxg2 Qc8 9. Qa4 Qb7+ 10. f3 Bc5 11. Rd1 h6 12. Bf4 a6 13. Nc3 Nh5 14. Be5 0-0 15. Nb3 Nc6 16. Nxc5 bxc5 17. Bd6 Rfc8 18. b3 Qb6 19. e3 Nf6 20. Rac1 Ne8 21. Ne4 Nxd6 22. Rxd6 f5 23. Nf2 Qb7 24. Kf1 Ne5 25. f4 Ng4 26. e4 Nxf2 27. Kxf2 fxe4 28. Qxd7 e3+ 29. Kxe3 Rc7 30. Qxe6+ Kh8 31. Qd5 Re8+ 32. Kf2 Qc8 33. Re1 Rxe1 34. Kxe1 Re7+ 35. Kf2 Re8 36. Rd7 Rf8 37. Kg1 Qe8 38. Qd2 h5 39. f5 Qe5 40. Rd5 Qe7 41. Kf2 h4 42. g4 Re8 43. h3 Kh7 44. g5 Qe4 45. f6 Rf8 46. Rd7 Qf5+ 47. Kg2 Qe4+ 48. Kg1 Qf3 49. Rxg7+ Kh8 50. Qg2 Qd1+ 51. Qf1 Qd4+ 52. Qf2 Qe4 53. Re7 Qd4 54. Qxd4 cxd4 55. Rd7 Rg8 56. Rg7 Rd8 57. g6 1-0

[Event "US Open-102"]
[Site "Framingham"]
[Date "2001.08.11"]
[Round "8"]
[White "Stolerman, Jack"]
[Black "Szpisjak, Steven"]
[Result "1/2-1/2"]
[WhiteElo "2105"]
[BlackElo "2240"]
[PlyCount "47"]
[EventDate "2001.08.04"]
[EventType "swiss"]
[EventRounds "9"]
[EventCountry "USA"]
[SourceTitle "CBM 083 Extra"]
[Source "ChessBase"]
[SourceDate "2001.09.11"]
[SourceVersion "1"]
[SourceVersionDate "2001.09.11"]
[SourceQuality "1"]

1. e4 c6 2. d4 d5 3. exd5 cxd5 4. c4 Nf6 5. Nc3 g6 6. Qb3 Bg7 7. cxd5 0-0 8. Be2 Nbd7 9. Bf3 Nb6 10. Nge2 Bg4 11. Bxg4 Nxg4 12. a4 a5 13. h3 Nf6 14. Nf4 Qd6 15. 0-0 Qb4 16. Qd1 Rfd8 17. Qf3 Qc4 18. b3 Qc8 19. Ba3 Qd7 20. Rad1 Nbxd5 21. Nfxd5 Nxd5 22. Nxd5 Qxd5 23. Qxd5 Rxd5 24. Bxe7 1/2-1/2

[Event "World op 29th"]
[Site "Philadelphia"]
[Date "2001.07.08"]
[Round "8"]
[White "Stolerman, Jack"]
[Black "Dunne, Alex"]
[Result "1-0"]
[WhiteElo "2099"]
[BlackElo "2256"]
[PlyCount "111"]
[EventDate "2001.06.30"]
[EventType "swiss"]
[EventRounds "9"]
[EventCountry "USA"]
[SourceTitle "EXT 2002"]
[Source "ChessBase"]
[SourceDate "2001.11.25"]
[SourceVersion "1"]
[SourceVersionDate "2001.11.25"]
[SourceQuality "1"]

1. e4 Nc6 2. Nc3 e5 3. Bc4 Nf6 4. d3 Bc5 5. f4 d6 6. f5 Nd4 7. Bg5 c6 8. Nf3 h6 9. Bh4 b5 10. Bb3 a5 11. Nxd4 exd4 12. e5 dxe5 13. Ne4 Be7 14. Bxf6 Bxf6 15. Qh5 0-0 16. a3 Qe7 17. 0-0 c5 18. Bd5 Ra6 19. Nf2 Bb7 20. Bxb7 Qxb7 21. Ne4 Qe7 22. a4 Rb8 23. b3 bxa4 24. Rxa4 Rb4 25. Rfa1 Rxa4 26. Rxa4 Bg5 27. Qg4 Be3+ 28. Kh1 Kh7 29. h4 g6 30. f6 Rxf6 31. Nxf6+ Qxf6 32. Ra1 Qf2 33. h5 g5 34. Qf3 Qh4+ 35. Qh3 Qxh3+ 36. gxh3 Bd2 37. Kg2 Kg7 38. Rf1 f6 39. Kg3 Kf7 40. Kf3 f5 41. Ke2 Bf4 42. Ra1 e4 43. Rxa5 Bd6 44. b4 exd3+ 45. Kxd3 cxb4 46. Rxf5+ Ke6 47. Ke4 Be7 48. Re5+ Kf6 49. Kxd4 Bd6 50. Rd5 Bg3 51. Ke4 Ke6 52. Rb5 Bd6 53. Rb6 Kd7 54. Kd5 Bf8 55. Rb7+ Kd8 56. Rh7 1-0

[Event "World op 29th"]
[Site "Philadelphia"]
[Date "2001.07.04"]
[Round "1"]
[White "Shibut, Macon A"]
[Black "Stolerman, Jack"]
[Result "1/2-1/2"]
[WhiteElo "2277"]
[BlackElo "2099"]
[PlyCount "87"]
[EventDate "2001.06.30"]
[EventType "swiss"]
[EventRounds "9"]
[EventCountry "USA"]
[SourceTitle "EXT 2002"]
[Source "ChessBase"]
[SourceDate "2001.11.25"]
[SourceVersion "1"]
[SourceVersionDate "2001.11.25"]
[SourceQuality "1"]

1. e4 c5 2. Nf3 d6 3. Bb5+ Bd7 4. Bxd7+ Qxd7 5. c4 Nc6 6. Nc3 Nf6 7. d4 cxd4 8. Nxd4 e6 9. 0-0 Be7 10. b3 0-0 11. Bb2 Rfd8 12. Re1 a6 13. a4 Qc7 14. Re3 Nd7 15. Rg3 Nxd4 16. Qxd4 Bf6 17. Qd2 Qb6 18. Rb1 Be5 19. Rh3 Qxb3 20. f4 Bxc3 21. Rxc3 Qb6+ 22. Kh1 Qc6 23. Rg3 f6 24. Qe2 Re8 25. Rd1 e5 26. f5 Nc5 27. Rd5 Nxa4 28. Ba3 Nc5 29. Qg4 Re7 30. Qh4 Qb6 31. Rd1 Rf7 32. Rh3 h6 33. Qg4 Kh8 34. Bc1 Qc7 35. Re1 b5 36. Qg6 bxc4 37. Bxh6 gxh6 38. Ree3 Rb8 39. Rxh6+ Rh7 40. h3 Rg8 41. Rxh7+ Qxh7 42. Qxf6+ Qg7 43. Qh4+ Qh7 44. Qf6+ 1/2-1/2

[Event "Massachusets op 70th"]
[Site "Marlboro"]
[Date "2001.05.26"]
[Round "1"]
[White "Stolerman, Jack"]
[Black "Foygel, Igor"]
[Result "0-1"]
[WhiteElo "2069"]
[BlackElo "2519"]
[PlyCount "150"]
[EventDate "2001.05.??"]
[EventType "swiss"]
[EventRounds "6"]
[EventCountry "USA"]
[SourceTitle "EXT 2005"]
[Source "ChessBase"]
[SourceDate "2004.11.15"]
[SourceVersion "1"]
[SourceVersionDate "2004.11.15"]
[SourceQuality "1"]

1. e4 g6 2. d4 Bg7 3. Nc3 c6 4. Be3 d5 5. e5 Qb6 6. Na4 Qa5+ 7. c3 f6 8. exf6 exf6 9. Nc5 Nh6 10. Bd3 0-0 11. h3 Re8 12. Ne2 Qc7 13. 0-0 b6 14. Nb3 a5 15. Bf4 Qf7 16. a4 Ba6 17. Ng3 Bxd3 18. Qxd3 Nd7 19. Rae1 Qf8 20. Rxe8 Rxe8 21. Qa6 Ra8 22. Qe2 Qe8 23. Qd2 Nf7 24. Re1 Qc8 25. Qe2 Nf8 26. c4 Nd8 27. cxd5 cxd5 28. Qb5 Qc6 29. Bc7 Qxb5 30. axb5 a4 31. Nc1 Nde6 32. Bxb6 Rb8 33. Bc5 Rxb5 34. Bxf8 Nxf8 35. Nd3 Rb3 36. Nc5 Rxb2 37. Nxa4 Rb4 38. Nc3 Rxd4 39. Nge2 Rd3 40. Rd1 Rxd1+ 41. Nxd1 Ne6 42. Nb2 Bh6 43. Nc3 Nc7 44. Nd3 Bd2 45. Nd1 Nb5 46. Kf1 Nd4 47. f3 h5 48. N1f2 Kf7 49. Nh1 h4 50. Nhf2 Ke6 51. Ng4 f5 52. Nh2 Kd6 53. Kf2 g5 54. Nf1 Ba5 55. Ke3 Ne6 56. Ke2 d4 57. Nh2 Kd5 58. f4 Bc7 59. Nf3 Bxf4 60. Kd1 Bd6 61. Kd2 Be7 62. Nfe5 Bf6 63. Nd7 Bd8 64. N7e5 Bc7 65. Nf3 Bg3 66. Nb4+ Ke4 67. Nd3 g4 68. hxg4 fxg4 69. Ng1 Bf4+ 70. Kc2 Ke3 71. Nc1 Nc5 72. Kd1 d3 73. Nce2 Bh2 74. Ke1 Bxg1 75. Nxg1 Ne4 0-1

[Event "Foxwoods op 03rd"]
[Site "Connecticut"]
[Date "2001.04.13"]
[Round "3"]
[White "Stolerman, Jack"]
[Black "Mayer, Steven F"]
[Result "0-1"]
[WhiteElo "2099"]
[BlackElo "2180"]
[PlyCount "74"]
[EventDate "2001.04.12"]
[EventType "swiss"]
[EventRounds "7"]
[EventCountry "USA"]
[SourceTitle "CBM 081 Extra"]
[Source "ChessBase"]
[SourceDate "2001.05.06"]
[SourceVersion "1"]
[SourceVersionDate "2001.05.06"]
[SourceQuality "1"]

1. e4 c5 2. Nf3 d6 3. d4 Nf6 4. Nc3 cxd4 5. Nxd4 Nc6 6. Bg5 e6 7. Qd2 a6 8. f4 h6 9. Bxf6 Qxf6 10. Nf3 Be7 11. h4 Qg6 12. 0-0-0 Qh5 13. Bc4 b5 14. Bb3 Qc5 15. e5 d5 16. Ne2 a5 17. a4 0-0 18. Qc3 Qb6 19. Ned4 Nxd4 20. Nxd4 Bd7 21. Nxb5 Bxb5 22. axb5 a4 23. Ba2 a3 24. b3 Rfc8 25. Qd3 Ra5 26. g3 Rxb5 27. Rh2 Rbc5 28. Qd4 Qc7 29. Rdd2 Rc3 30. Rhg2 Rf3 31. b4 Rb8 32. Rdf2 Rxb4 33. Qd2 Rc3 34. Qe2 Rb2 35. Bb1 Rxb1+ 36. Kxb1 Qb6+ 37. Kc1 a2 0-1

[Event "Harry Lyman op 4th"]
[Site "Framingham"]
[Date "2001.01.27"]
[Round "2"]
[White "Stolerman, Jack"]
[Black "Chubinsky, Peter"]
[Result "1-0"]
[WhiteElo "2063"]
[BlackElo "2169"]
[PlyCount "87"]
[EventDate "2001.01.??"]
[EventType "swiss"]
[EventRounds "5"]
[EventCountry "USA"]
[SourceTitle "EXT 2005"]
[Source "ChessBase"]
[SourceDate "2004.11.15"]
[SourceVersion "1"]
[SourceVersionDate "2004.11.15"]
[SourceQuality "1"]

1. e4 c5 2. Nf3 e6 3. d4 cxd4 4. Nxd4 a6 5. Nc3 Qc7 6. Bd3 Nf6 7. 0-0 Nc6 8. Nb3 Be7 9. f4 d6 10. Be3 0-0 11. a4 b6 12. Qf3 Bb7 13. Qh3 Nb4 14. a5 bxa5 15. e5 dxe5 16. fxe5 Qxe5 17. Rxa5 Bd5 18. Nxd5 exd5 19. Bd4 Qh5 20. Qg3 Nxd3 21. Qxd3 h6 22. Bxf6 Bxf6 23. Rxd5 Qh4 24. c3 Rfe8 25. Nc5 Re1 26. Nd7 Rae8 27. Rdf5 Rxf1+ 28. Rxf1 Bg5 29. Qd5 Qh5 30. Kh1 Re7 31. Qa8+ Kh7 32. Nf8+ Kh8 33. Ng6+ Kh7 34. Nxe7 Bxe7 35. Qxa6 Bf6 36. Qd3+ Kh8 37. Ra1 g6 38. Qd6 Be5 39. Qf8+ Kh7 40. Qxf7+ Bg7 41. Qf3 Qh4 42. g3 Qc4 43. Ra7 Qc5 44. Qb7 1-0

[Event "World op 28th"]
[Site "Philadelphia"]
[Date "2000.07.29"]
[Round "2"]
[White "Stolerman, Jack"]
[Black "Thiruchelvam, Murugan"]
[Result "1/2-1/2"]
[WhiteElo "2110"]
[BlackElo "2235"]
[PlyCount "40"]
[EventDate "2000.06.28"]
[EventType "swiss"]
[EventRounds "9"]
[EventCountry "USA"]
[SourceTitle "EXT 2001"]
[Source "ChessBase"]
[SourceDate "2000.11.22"]
[SourceVersion "1"]
[SourceVersionDate "2000.11.22"]
[SourceQuality "1"]

1. e4 c6 2. d4 d5 3. exd5 cxd5 4. c4 Nf6 5. Nc3 e6 6. Nf3 Be7 7. Bd3 Nc6 8. c5 0-0 9. 0-0 b6 10. Bb5 Bd7 11. Bxc6 Bxc6 12. b4 Bd7 13. Be3 Ne4 14. Qc2 Nxc3 15. Qxc3 a5 16. a3 Qc7 17. Rfc1 Bb5 18. Qd2 Qa7 19. Qe1 Rfc8 20. Bf4 Bd8 1/2-1/2

[Event "Queen City op 24th"]
[Site "Manchester"]
[Date "2000.02.19"]
[Round "2"]
[White "Ivanov, Alexander"]
[Black "Stolerman, Jack"]
[Result "1-0"]
[WhiteElo "2635"]
[BlackElo "2095"]
[PlyCount "67"]
[EventDate "2000.02.??"]
[EventType "swiss"]
[EventRounds "4"]
[EventCountry "USA"]
[SourceTitle "EXT 2005"]
[Source "ChessBase"]
[SourceDate "2004.11.15"]
[SourceVersion "1"]
[SourceVersionDate "2004.11.15"]
[SourceQuality "1"]

1. e4 c5 2. Nf3 d6 3. d4 cxd4 4. Nxd4 Nf6 5. Nc3 a6 6. g3 e5 7. Nde2 Be7 8. a4 Qc7 9. Bg2 b6 10. h3 Bb7 11. g4 0-0 12. Ng3 Rd8 13. g5 Ne8 14. Nf5 Bf8 15. h4 Nd7 16. h5 Nc5 17. Nd5 Bxd5 18. Qxd5 Qb7 19. Qxb7 Nxb7 20. Be3 b5 21. axb5 axb5 22. Kd2 Nc5 23. b3 Ne6 24. Kc3 Rdc8+ 25. Kb2 Nc5 26. Rhd1 Rd8 27. f3 g6 28. Nh6+ Kg7 29. Bf1 Rxa1 30. Rxa1 Nc7 31. Ra7 Rd7 32. Ng4 gxh5 33. Nf6 Re7 34. Rxc7 1-0

[Event "Massachusets op 69th"]
[Site "USA"]
[Date "2000.??.??"]
[Round "3"]
[White "Bennett, Allan"]
[Black "Stolerman, Jack"]
[Result "1-0"]
[WhiteElo "2285"]
[BlackElo "2105"]
[PlyCount "109"]
[EventDate "2000.??.??"]
[EventType "swiss"]
[EventRounds "6"]
[EventCountry "USA"]
[SourceTitle "EXT 2003"]
[Source "ChessBase"]
[SourceDate "2002.11.25"]
[SourceVersion "1"]
[SourceVersionDate "2002.11.25"]
[SourceQuality "1"]

1. e4 c5 2. Nc3 d6 3. g3 Nc6 4. Bg2 g6 5. d3 Bg7 6. Nf3 e6 7. Bg5 Qc7 8. Qd2 a6 9. 0-0 Nd4 10. Nd1 Ne7 11. Ne1 0-0 12. c3 Ndc6 13. Bh6 b5 14. Bxg7 Kxg7 15. Ne3 f5 16. f4 Bd7 17. Nf3 Rae8 18. Rae1 Qb6 19. Kh1 Na5 20. e5 d5 21. b4 Nb7 22. d4 cxb4 23. cxb4 h5 24. h3 Rh8 25. Kg1 Reg8 26. Rf2 Nd8 27. Bf1 Kf8 28. Rc1 Ndc6 29. Rc5 Qb7 30. Qc3 Kg7 31. Rc2 Rc8 32. Nd2 Kf7 33. Ng2 Rhg8 34. Be2 Rh8 35. Nb3 Qb8 36. Nh4 Rhd8 37. Nf3 Kg7 38. Ng5 Rh8 39. a3 Qa8 40. Qe1 Qb7 41. Bd3 Qb6 42. Qe3 Kf8 43. Rg2 Ng8 44. g4 hxg4 45. hxg4 Ke7 46. gxf5 gxf5 47. Nf7 Rh4 48. Nd6 Rf8 49. Qg3 Rg4 50. Qh3 Kd8 51. Rxg4 fxg4 52. Qh8 Kc7 53. Qg7 Rd8 54. Bh7 Qb8 55. Na5 1-0

[Event "Harry Lyman op 3rd"]
[Site "Needham"]
[Date "2000.??.??"]
[Round "2"]
[White "Smith, Bryan G"]
[Black "Stolerman, Jack"]
[Result "1-0"]
[WhiteElo "2200"]
[BlackElo "2050"]
[PlyCount "149"]
[EventDate "2000.??.??"]
[EventType "swiss"]
[EventRounds "5"]
[EventCountry "USA"]
[SourceTitle "EXT 2003"]
[Source "ChessBase"]
[SourceDate "2002.11.25"]
[SourceVersion "1"]
[SourceVersionDate "2002.11.25"]
[SourceQuality "1"]

1. g3 Nf6 2. Bg2 g6 3. e4 d6 4. Nc3 Bg7 5. f4 0-0 6. Nf3 c5 7. d3 Nc6 8. h3 Ne8 9. g4 e6 10. f5 exf5 11. gxf5 Nd4 12. 0-0 Nc7 13. Nxd4 Bxd4+ 14. Kh1 Bg7 15. Qf3 Bd7 16. f6 Bh8 17. Bf4 Bc6 18. Qg3 Ne8 19. Bh6 Nxf6 20. Bxf8 Qxf8 21. Ne2 Re8 22. Rf2 d5 23. Raf1 Qe7 24. Nc3 Nh5 25. Qg4 dxe4 26. Nxe4 Bxe4 27. Bxe4 Qd6 28. Kg2 Rf8 29. c4 Bg7 30. Bd5 Nf6 31. Qg5 Nxd5 32. Qxd5 Qe7 33. b3 Bd4 34. Rf3 b6 35. Rf4 Qe2+ 36. Kh1 Qe7 37. Re4 Qc7 38. Ref4 Qe7 39. Qe4 Qc7 40. R4f3 Qd7 41. Re1 a5 42. Qe7 Qc6 43. Qe4 Qd7 44. a4 Bc3 45. Re2 Bd4 46. Kg2 Kg7 47. Re1 Kg8 48. Qe7 Qc6 49. Ref1 Bb2 50. Kh2 Bg7 51. R1f2 f5 52. Re3 Qf6 53. Qxf6 Rxf6 54. Re7 Rd6 55. Rfe2 Rxd3 56. Rb7 Rd6 57. Re8+ Bf8 58. Reb8 Rf6 59. Rxb6 Rf7 60. R6b7 Rf6 61. Kg2 f4 62. Kf3 g5 63. Ra7 h5 64. Rxa5 g4+ 65. hxg4 hxg4+ 66. Kf2 Kg7 67. Raa8 g3+ 68. Kf3 Bd6 69. Rg8+ Kh7 70. Rae8 Bc7 71. Rg4 Ba5 72. Re5 Kh6 73. Rxc5 Bd2 74. Rd5 Bc3 75. Rd1 1-0

[Event "Massachusets op 69th"]
[Site "USA"]
[Date "2000.??.??"]
[Round "2"]
[White "Stolerman, Jack"]
[Black "Dionne, J Thomas"]
[Result "1-0"]
[WhiteElo "2105"]
[BlackElo "1895"]
[PlyCount "64"]
[EventDate "2000.??.??"]
[EventType "swiss"]
[EventRounds "6"]
[EventCountry "USA"]
[SourceTitle "EXT 2003"]
[Source "ChessBase"]
[SourceDate "2002.11.25"]
[SourceVersion "1"]
[SourceVersionDate "2002.11.25"]
[SourceQuality "1"]

1. e4 e6 2. Qe2 b6 3. Nf3 Ba6 4. d3 c5 5. c3 Nc6 6. g3 Qc7 7. Nbd2 Be7 8. Bg2 h5 9. Nc4 d6 10. 0-0 0-0-0 11. h4 Nh6 12. Bf4 Ng4 13. Rab1 b5 14. Ncd2 e5 15. Be3 b4 16. Nb3 f5 17. c4 Nd4 18. Bxd4 exd4 19. exf5 Rde8 20. Qd2 Bb7 21. Ng5 Bxg5 22. Qxg5 Bxg2 23. Kxg2 Qb7+ 24. Kh3 Re2 25. Qf4 Rhe8 26. Nd2 R8e3 27. Ne4 Rxe4 28. dxe4 Rxe4 29. Qxd6 Re5 30. Qf8+ Kd7 31. Qf7+ Re7 32. Qxh5 Qf3 1-0

[Event "Harry Lyman op 3rd"]
[Site "Needham"]
[Date "2000.??.??"]
[Round "4"]
[White "Terrie, Henry L"]
[Black "Stolerman, Jack"]
[Result "0-1"]
[WhiteElo "2225"]
[BlackElo "2050"]
[PlyCount "154"]
[EventDate "2000.??.??"]
[EventType "swiss"]
[EventRounds "5"]
[EventCountry "USA"]
[SourceTitle "EXT 2003"]
[Source "ChessBase"]
[SourceDate "2002.11.25"]
[SourceVersion "1"]
[SourceVersionDate "2002.11.25"]
[SourceQuality "1"]

1. c4 Nf6 2. Nc3 g6 3. Nf3 Bg7 4. e4 d6 5. d4 0-0 6. Be2 Nbd7 7. 0-0 e5 8. Be3 c6 9. Qc2 exd4 10. Nxd4 a5 11. Rad1 Qe7 12. Rfe1 Nc5 13. f3 Nfd7 14. Qd2 Re8 15. Bf1 Ne5 16. Nc2 Bf8 17. Bh6 Bxh6 18. Qxh6 Be6 19. Ne3 Rad8 20. Rd2 Qf8 21. Qh4 Qe7 22. Qg3 f6 23. Red1 Kh8 24. f4 Nf7 25. f5 Bxf5 26. Nxf5 gxf5 27. exf5 Qe3+ 28. Qxe3 Rxe3 29. Kf2 Rde8 30. Re2 R3e5 31. g4 Kg7 32. Bg2 Kf8 33. Rd4 Ke7 34. Ne4 Nxe4+ 35. Rdxe4 Kd7 36. b3 Kc7 37. Kg3 Rg8 38. Kf4 Rg5 39. h3 h5 40. Bf3 h4 41. Rd2 Rg8 42. Rxe5 dxe5+ 43. Ke3 Ng5 44. c5 Rd8 45. Rxd8 Kxd8 46. Bg2 Kc7 47. a3 b6 48. b4 axb4 49. axb4 bxc5 50. bxc5 Kb7 51. Bf1 Ka7 52. Kf2 Ne4+ 53. Kf3 Ng5+ 54. Kf2 Kb8 55. Ke3 Kb7 56. Kf2 Ne4+ 57. Ke3 Nxc5 58. g5 fxg5 59. f6 Kc7 60. f7 Nd7 61. Ke4 Kd6 62. Kf5 Ke7 63. Bc4 Nb6 64. Be2 Kxf7 65. Kxe5 Kg6 66. Bd3+ Kg7 67. Kd6 Nd5 68. Bf1 Kf6 69. Kxc6 Ke5 70. Kc5 Nf4 71. Kc4 Ke4 72. Kc3 Ke3 73. Kc2 Kf2 74. Ba6 Nxh3 75. Kd3 Nf4+ 76. Kd4 h3 77. Bb7 Ng2 0-1

[Event "Greater Boston op 66th"]
[Site "Watertown"]
[Date "1999.10.10"]
[Round "3"]
[White "Stolerman, Jack"]
[Black "La Rocca, Mark"]
[Result "0-1"]
[WhiteElo "2041"]
[BlackElo "2137"]
[PlyCount "42"]
[EventDate "1999.10.??"]
[EventType "swiss"]
[EventRounds "4"]
[EventCountry "USA"]
[SourceTitle "EXT 2005"]
[Source "ChessBase"]
[SourceDate "2004.11.15"]
[SourceVersion "1"]
[SourceVersionDate "2004.11.15"]
[SourceQuality "1"]

1. e4 c5 2. Nf3 e6 3. d4 cxd4 4. Nxd4 Nf6 5. Nc3 Nc6 6. a3 d6 7. Bg5 Be7 8. Qd2 e5 9. Nf3 Be6 10. Be2 h6 11. Bxf6 Bxf6 12. Nb5 0-0 13. 0-0-0 Qb6 14. Qe3 Nd4 15. Nbxd4 exd4 16. Nxd4 Rac8 17. Kb1 Rc5 18. c3 Rfc8 19. Ka1 Qa5 20. Rc1 Qa4 21. Bd1 Qxd4 0-1